[Event "Hunan Belt and Road Open 2019"]
[Site "Hunan"]
[Date "2019.08.01"]
[Round "4.12"]
[White "Narayanan.S.L"]
[Black "Yu, Ruiyuan"]
[Result "1/2-1/2"]
[WhiteElo "2616"]
[BlackElo "2464"]
[Annotator "TA"]
[PlyCount "53"]
[EventDate "2019.07.29"]
[EventType "swiss"]
[EventCountry "CHN"]
[SourceTitle "playchess.com"]
[Source "ChessBase"]
[SourceQuality "1"]

{[%evp 16,53,29,27,31,35,34,30,39,30,37,22,28,28,42,41,66,27,27,6,5,0,0,0,0,0,0,0,0,-5,0,-8,-6,-6,-9,-6,-3,-15,0,0]} 1. d4 d5 2. c4 c6 3. Nc3 Nf6 4. e3 g6 5. Nf3 Bg7 6. Be2 O-O 7. O-O Bg4 8. cxd5 cxd5 9. Qb3 b6 {D94: Grünfeld: 4 Nf3 Bg7 5 e3} 10. Bd2 Ne4 {[#] And now ...Bxf3 would win.} 11. Be1 Nxc3 {White has an edge.} (11... Nc6 12. h3 Na5 13. Qa4 Bd7 14. Qa3 Nxc3 15. Bxc3 Nc6 16. Rfc1 e6 17. Rc2 a5 18. Rac1 Re8 19. Bb5 Na7 20. Bxd7 Qxd7 21. Ne5 Qb5 22. Be1 {½-½ (22) Rodshtein,M (2688)-Balogh,C (2632) Czech Republic 2018}) 12. Bxc3 Nc6 13. Rfc1 Qd6 14. h3 Bc8 $146 ({Predecessor:} 14... Bd7 15. a3 e6 16. Ba6 Rfd8 17. Bb4 Nxb4 18. axb4 {½-½ (27) Zontakh,A (2538)-Varga,Z (2459) Palic 2014}) 15. a4 Rb8 16. Ne1 Bb7 17. Bb5 Rfc8 {The position is equal.} 18. Qa2 a5 19. Qb3 e6 20. Be2 Qd8 21. Qd1 Rc7 22. Nd3 Bf8 23. Rab1 Rbc8 24. Bd2 Ba6 25. Nf4 Bxe2 26. Qxe2 Nb4 27. Rxc7 {Accuracy: White = 63%, Black = 80%.} 1/2-1/2

[Event "Hunan Belt and Road Open 2019"]
[Site "Hunan"]
[Date "2019.08.01"]
[Round "4.13"]
[White "Chu, Wei Chao"]
[Black "Zhou, Jianchao"]
[Result "0-1"]
[WhiteElo "2406"]
[BlackElo "2608"]
[Annotator "TA"]
[PlyCount "86"]
[EventDate "2019.07.29"]
[EventType "swiss"]
[EventCountry "CHN"]
[SourceTitle "playchess.com"]
[Source "ChessBase"]
[SourceQuality "1"]

{[%evp 9,86,29,26,4,7,11,18,10,11,-4,0,-10,0,-18,0,0,11,-1,-8,-6,-23,-43,-39,-56,-50,-52,-54,-59,-45,-106,-108,-132,-147,-200,-208,-204,-198,-237,-230,-231,-218,-220,-150,-150,-169,-154,-107,-111,-89,-68,-80,-252,-262,-260,-249,-415,-414,-406,-406,-399,-393,-454,-442,-651,-554,-696,-700,-657,-612,-608,-598,-981,-743,-29996,-29997,-29997,-29998,-29998,-29999]} 1. d4 Nf6 2. c4 e6 3. Nf3 a6 4. Bg5 h6 5. Bh4 d6 $146 ({Predecessor:} 5... g5 6. Bg3 Nh5 7. Be5 f6 8. Bg3 f5 9. e3 d6 10. Nc3 Bg7 11. Qc2 Nc6 12. d5 {½-½ (88) Grischuk,A (2772)-Andreikin,D (2712) Huaian 2017}) 6. Nc3 {E10: Blumenfeld Gambit} g5 7. Bg3 Nh5 8. e3 {The position is equal.} Bg7 9. Bd3 Nxg3 10. hxg3 c5 11. g4 cxd4 12. Nxd4 Nc6 13. Nb3 O-O 14. Rc1 Qe7 15. Qd2 Rd8 16. Be2 {[#]} d5 $1 {[%mdl 512]} 17. cxd5 exd5 18. Bf3 Be6 19. Qe2 (19. Nxd5 $2 Bxd5 20. Bxd5 Nb4 $17) (19. O-O $15) 19... d4 $17 20. exd4 {[#]} Qb4 $1 (20... Nxd4 21. Nxd4 Rxd4 22. O-O $15) 21. O-O (21. Bxc6 $17 {is a better defense.} bxc6 22. Qc2) 21... Bc4 $19 ({Not} 21... Nxd4 22. Nxd4 Rxd4 23. Rfd1 $15) 22. Qc2 Bxf1 23. Rxf1 Nxd4 ({Don't do} 23... Bxd4 24. Bd5) 24. Nxd4 Bxd4 25. Nd5 Qc5 26. Qf5 Kg7 27. Be4 Rh8 28. b4 Qd6 29. Rd1 Ba7 30. Rc1 $2 {[#]} (30. Ne3 $17 {keeps fighting.} Qf6 31. Qxf6+ Kxf6 32. Bxb7) 30... Rae8 $1 31. Rc7 {[%csl Gc7][%cal Rf5f7]} Qe6 32. Rxb7 $2 (32. Qf3) 32... Qxf5 33. gxf5 {[#] f6+ is the strong threat.} Bxf2+ $1 {[%mdl 512]} 34. Kxf2 {Strongly threatening f6+.} Rxe4 {[%mdl 4096] Endgame KRR-KRN} 35. Rb6 Rd8 36. f6+ (36. Nf6 $142 Rf4+ 37. Kg3 Rd3+ 38. Kh2 Rxf5 39. Nh5+ Kf8 40. Rxa6) 36... Kg6 37. Ne7+ Kh5 38. Kf3 Rf4+ 39. Ke3 Kg4 40. a4 Rdd4 {( -> ...Rfe4+)} 41. Nc6 Rfe4+ {Black mates.} 42. Kf2 Rd2+ 43. Kf1 Kg3 {Accuracy: White = 24%, Black = 92%.} 0-1

[Event "Hunan Belt and Road Open 2019"]
[Site "Hunan"]
[Date "2019.08.01"]
[Round "4.14"]
[White "Zhao, Zong-Yuan"]
[Black "Le, Quang Liem"]
[Result "1/2-1/2"]
[WhiteElo "2529"]
[BlackElo "2713"]
[Annotator "TA"]
[PlyCount "64"]
[EventDate "2019.07.29"]
[EventType "swiss"]
[EventCountry "CHN"]
[SourceTitle "playchess.com"]
[Source "ChessBase"]
[SourceQuality "1"]

{[%evp 9,64,20,17,0,20,9,16,7,16,0,10,-17,-9,-7,0,-29,-37,-29,-26,-64,-19,-36,-47,-37,-37,-49,-22,-20,0,-13,-19,-19,-19,-19,-19,-27,0,-32,-30,-27,0,-47,-37,-38,0,0,0,0,14,18,39,38,39,32,52,31,62]} 1. e4 c6 2. d4 d5 3. e5 Bf5 4. h4 h5 5. Bd3 Bxd3 6. Qxd3 {B12: Caro-Kann: Advance Variation} Qa5+ 7. Nd2 {Threatening e6!} e6 8. Ngf3 {The position is equal.} Nh6 $146 ({Predecessor:} 8... Ne7 9. O-O {½-½ (35) Kadric,D (2502)-Shimanov,A (2641) Columbus 2017}) 9. O-O Nf5 10. c4 Be7 11. g3 O-O 12. b3 Rd8 13. Bb2 c5 14. Qe2 Nc6 {[%cal Rc5d4]} 15. dxc5 Bxc5 {[#] White must now prevent ...Nxg3.} 16. Kg2 Bd4 17. Rfb1 Bxb2 18. Rxb2 Rac8 19. Ng5 Qc3 20. Ndf3 dxc4 21. Ne4 $1 {[%cal Re4c3]} Qd3 {And now ...c3 would win.} 22. bxc4 b6 23. Rc1 Qxe2 24. Rxe2 Rd3 {Strongly threatening ...Rxf3!} 25. Neg5 Kf8 26. Rb2 Nfd4 27. Nxd4 Nxd4 {[#]} 28. c5 $1 {[%mdl 512]} Ra3 (28... bxc5 29. Rb7) 29. Rd1 bxc5 30. Rb7 {White is slightly better.} Kg8 31. Rxf7 Rxa2 32. Rb1 $1 {[%cal Rb1b7] Threatens to win with Rbb7!} Rf8 $1 {Accuracy: White = 48%, Black = 56%.} 1/2-1/2

[Event "Hunan Belt and Road Open 2019"]
[Site "Hunan"]
[Date "2019.08.01"]
[Round "4.15"]
[White "Naiditsch, Arkadij"]
[Black "Xu, Zhihang"]
[Result "1-0"]
[WhiteElo "2681"]
[BlackElo "2501"]
[Annotator "TA"]
[PlyCount "51"]
[EventDate "2019.07.29"]
[EventType "swiss"]
[EventCountry "CHN"]
[SourceTitle "playchess.com"]
[Source "ChessBase"]
[SourceQuality "1"]

{[%evp 15,97,16,22,2,2,0,0,0,18,17,16,20,23,18,17,11,26,6,25,26,22,17,41,28,35,25,36,35,11,0,0,0,0,0,7,10,120,114,146,119,152,152,145,99,88,91,77,81,502,491,584,358,364,312,621,217,799,766,1043,883,1038,1000,881,424,300,204,205,195,201,193,222,232,326,327,316,324,329,325,350,353,446,461,454,424]} 1. e4 c5 2. Nf3 Nc6 3. Bb5 g6 4. O-O Bg7 5. c3 Nf6 6. Re1 O-O 7. h3 a6 8. Bxc6 bxc6 9. Qa4 $146 {B31: Sicilian: 2...Nc6 3 Bb5 g6} ({Predecessor:} 9. d4 cxd4 10. cxd4 d6 11. Nc3 Rb8 12. b3 Nd7 13. Be3 Bb7 14. Rc1 Rc8 15. Qd2 Re8 16. Bh6 Bh8 {1-0 (59) Shtembuliak,E (2507)-Priyadharshan,K (2513) Saint Louis 2018}) 9... Qc7 10. d4 cxd4 11. cxd4 {The position is equal.} d5 12. e5 Ne4 13. Be3 c5 14. dxc5 Nxc5 15. Qa3 Ne6 16. Nc3 Bb7 17. Rac1 Qd7 {Hoping for ...d4.} 18. Rcd1 Rad8 19. Bb6 Rc8 20. Qa5 {[%cal Rc3d5]} Nf4 21. Be3 Nxh3+ $1 22. Kh2 {White wants to play Qb4.} Qf5 {White must now prevent ...Qh5.} 23. Ne2 Bxe5+ 24. Nxe5 Qxe5+ 25. Ng3 $1 {[#]} Ng5 (25... Nxf2 $1 $11 {[%mdl 512]} 26. Bxf2 Qf6) 26. Qb4 {Played: f2-f4} 1-0

[Event "Hunan Belt and Road Open 2019"]
[Site "Hunan"]
[Date "2019.08.01"]
[Round "4.16"]
[White "Lupulescu, Constantin"]
[Black "Wang, Chen"]
[Result "1-0"]
[WhiteElo "2649"]
[BlackElo "2476"]
[Annotator "RC"]
[PlyCount "99"]
[EventDate "2019.07.29"]
[EventType "swiss"]
[EventCountry "CHN"]
[SourceTitle "playchess.com"]
[Source "ChessBase"]
[SourceQuality "1"]
[TimeControl "5400+30"]

1. e4 {[%emt 0:00:00]} c5 {[%emt 0:05:04]} 2. Nf3 {[%emt 0:00:00]} e6 {[%emt 0:01:12]} 3. d4 {[%emt 0:00:00]} cxd4 {[%emt 0:00:07]} 4. Nxd4 {[%emt 0:00:03]} Nc6 {[%emt 0:02:49]} 5. Nc3 {[%emt 0:00:13]} a6 {[%emt 0:04:11]} 6. Nxc6 {[%emt 0:00:31]} bxc6 {[%emt 0:00:13]} 7. Bd3 {[%emt 0:00:57]} d5 {[%emt 0:03:28]} 8. O-O {[%emt 0:00:34]} Nf6 {[%emt 0:00:18]} 9. Qe2 {[%emt 0:03:47]} Be7 {[%emt 0:03:19]} 10. b3 {[%emt 0:02:13]} Qc7 {[%emt 0:02:54]} 11. f4 {[%emt 0:13:53]} Bb7 {[%emt 0:10:39]} 12. Bb2 {[%emt 0:03:21]} h5 {[%emt 0:10:40]} 13. e5 {[%emt 0:08:31]} Nd7 {[%emt 0:05:44]} 14. Na4 {[%emt 0:09:08]} g6 {[%emt 0:21:17]} 15. c4 {[%emt 0:05:40]} Nc5 {[%emt 0:05:24]} 16. Nxc5 {[%emt 0:11:17]} Bxc5+ {[%emt 0:00:05]} 17. Kh1 {[%emt 0:00:03]} d4 {[%emt 0:07:41]} 18. Be4 {[%emt 0:04:04]} Qb6 {[%emt 0:05:37]} 19. Rad1 {[%emt 0:05:30]} O-O-O {[%emt 0:00:29]} 20. Rd3 {[%emt 0:02:37]} Rd7 {[%emt 0:00:06]} 21. a3 {[%emt 0:08:58]} a5 {[%emt 0:00:05]} 22. Rb1 {[%emt 0:00:20]} Kc7 {[%emt 0:01:17]} 23. Bc1 {[%emt 0:06:09]} Ba6 {[%emt 0:01:26]} 24. Qc2 {[%emt 0:04:31]} Rb8 {[%emt 0:00:32]} 25. b4 {[%emt 0:01:41]} axb4 {[%emt 0:01:55]} 26. Rdb3 {[%emt 0:00:22]} d3 {[%emt 0:03:54]} 27. Bxd3 {[%emt 0:00:24]} Rbd8 {[%emt 0:00:50]} 28. Bd2 {[%emt 0:02:29]} Be7 {[%emt 0:01:17]} 29. axb4 {[%emt 0:00:57]} Kb8 {[%emt 0:00:23]} 30. Rf1 {[%emt 0:03:27]} Qd4 {[%emt 0:00:49]} 31. Be1 {[%emt 0:00:39]} Qa1 {[%emt 0:01:04]} 32. Bc3 {[%emt 0:01:01]} Qa4 {[%emt 0:00:11]} 33. Be2 {[%emt 0:00:27]} Bh4 {[%emt 0:00:47]} 34. g3 {[%emt 0:00:57]} Be7 {[%emt 0:00:32]} 35. Ra1 {[%emt 0:01:01]} Rd2 {[%emt 0:00:08]} 36. Qb1 {[%emt 0:01:00]} Qxa1 {[%emt 0:00:36]} 37. Qxa1 {[%emt 0:00:05]} Rxe2 {[%emt 0:00:11]} 38. Ra3 {[%emt 0:00:52]} Bb7 {[%emt 0:00:28]} 39. c5 {[%emt 0:00:04]} Rd3 {[%emt 0:00:11]} 40. Bd4 {[%emt 0:00:42]} Rdd2 {[%emt 0:01:11]} 41. Bg1 {[%emt 0:00:06]} Rb2 {[%emt 0:00:14]} 42. Rd3 {[%emt 0:00:31]} Ra2 {[%emt 0:00:35]} 43. Qd4 {[%emt 0:00:58]} Bc8 {[%emt 0:00:47]} 44. b5 {[%emt 0:00:44]} cxb5 {[%emt 0:00:27]} 45. c6 {[%emt 0:00:03]} Ra6 {[%emt 0:00:42]} 46. Rc3 {[%emt 0:01:16]} Kc7 {[%emt 0:00:02]} 47. Rc1 {[%emt 0:00:20]} b4 {[%emt 0:00:33]} 48. Qc4 {[%emt 0:00:18]} Rd2 {[%emt 0:01:04]} 49. Bc5 {[%emt 0:00:56]} Rxc6 {[%emt 0:00:06]} 50. Bd6+ {[%emt 0:00:37]} 1-0

[Event "Hunan Belt and Road Open 2019"]
[Site "Hunan"]
[Date "2019.08.01"]
[Round "4.17"]
[White "Peng, Xiongjian"]
[Black "Lu, Shanglei"]
[Result "1/2-1/2"]
[WhiteElo "2467"]
[BlackElo "2619"]
[Annotator "TA"]
[PlyCount "72"]
[EventDate "2019.07.29"]
[EventType "swiss"]
[EventCountry "CHN"]
[SourceTitle "playchess.com"]
[Source "ChessBase"]
[SourceQuality "1"]

{[%evp 22,72,0,0,0,0,56,68,56,52,43,29,64,65,46,62,52,31,29,25,64,0,56,41,52,52,51,53,50,51,47,0,64,50,57,0,71,65,86,74,75,76,70,62,226,0,0,0,0,0,0,0,0]} 1. d4 Nf6 2. c4 e6 3. g3 c5 4. d5 exd5 5. cxd5 d6 6. Nc3 g6 7. Bg2 Bg7 8. Nf3 O-O 9. O-O Re8 10. Nd2 Nbd7 11. h3 a6 12. a4 b6 {A64: Modern Benoni: Fianchetto Variation: 9...Nbd7 10 Nd2 a6 11 a4 Re8} (12... Rb8 13. Nc4 Ne5 14. Na3 Nh5 15. e4 Bd7 16. g4 Nf6 17. g5 Nh5 18. f4 b5 19. fxe5 b4 20. Nc4 bxc3 21. bxc3 Bxe5 22. Qf3 f5 23. gxf6 Qxf6 24. Nxe5 Qxe5 {0-1 (60) So,W (2812)-Nakamura,H (2785) Stavanger 2017}) 13. Nc4 Qc7 (13... Ne5 $11 14. Nxe5 Rxe5) 14. Bf4 Bf8 $1 {White is slightly better.} 15. e4 Rb8 $146 ({Predecessor:} 15... Nh5 16. Be3 Rb8 {1-0 (45) Jaramillo Ochoa,M (2125)-Cuervo,V (1818) Manizales 2015}) 16. Na3 Nh5 17. Be3 Ng7 18. Re1 f5 19. Bh6 Ne5 20. Rc1 Bd7 21. Bf1 (21. exf5 $1 $14 Nxf5 22. Bxf8) 21... Bc8 (21... c4 $11) 22. b3 Qf7 23. f4 Nd7 24. Kh2 Bb7 25. Bg2 fxe4 26. Nxe4 Nf5 (26... Nf6 $1 $11) 27. Bxf8 (27. Ng5 {seems wilder.} Qf6 28. Bxf8 Qxf8 29. Qd2 Nd4 30. Ne6) 27... Qxf8 28. Qd3 (28. Nc4 $1 $14) 28... Nd4 (28... Nf6 $11) 29. Nc2 $16 Nxc2 30. Rxc2 Nf6 31. Rce2 {Threatens to win with Nxf6+.} Nxe4 32. Bxe4 Re7 $2 {[#]} (32... Qf7 $14) 33. f5 $2 (33. Bxg6 $1 $18 Rxe2+ 34. Rxe2) 33... Rbe8 $11 {The position is equal.} 34. fxg6 hxg6 35. Bf3 Rxe2+ 36. Rxe2 Rxe2+ {Accuracy: White = 68%, Black = 53%.} 1/2-1/2

[Event "Hunan Belt and Road Open 2019"]
[Site "Hunan"]
[Date "2019.08.01"]
[Round "4.18"]
[White "Batsiashvili, Nino"]
[Black "Oleksiyenko, Mykhaylo"]
[Result "1/2-1/2"]
[WhiteElo "2433"]
[BlackElo "2600"]
[Annotator "TA"]
[PlyCount "78"]
[EventDate "2019.07.29"]
[EventType "swiss"]
[EventCountry "CHN"]
[SourceTitle "playchess.com"]
[Source "ChessBase"]
[SourceQuality "1"]

{[%evp 17,78,6,14,8,14,11,23,31,25,22,32,13,16,20,32,35,55,49,50,41,45,24,17,13,41,8,19,-16,0,0,0,0,0,0,0,0,0,0,0,0,14,14,0,0,15,-17,-26,-67,0,-22,-9,0,0,0,0,0,79,77,55,62,98,0,0]} 1. d4 Nf6 2. c4 e6 3. Nf3 d5 4. Nc3 Be7 5. Bf4 O-O 6. e3 b6 7. cxd5 Nxd5 8. Nxd5 exd5 9. Bd3 c5 10. b3 {D37: Queen's Gambit Declined: 5 Bf4} Nc6 11. O-O Nb4 $146 ({Predecessor:} 11... Bg4 12. Bb5 Na5 13. dxc5 bxc5 14. h3 Be6 15. Rc1 Qb6 16. Bd3 c4 17. Bc2 Nc6 {1-0 (36) Lesiege,A (2525)-Akobian,V (2645) chess.com INT 2017}) 12. Be2 {White has an edge.} Bb7 13. Ne5 Rc8 14. dxc5 bxc5 15. a3 Nc6 16. Bg4 f5 17. Bf3 Nxe5 18. Bxe5 Qd7 19. Ra2 Qe6 20. Qa1 Rf7 21. Rd2 Bg5 22. Rd3 Re7 23. Bc3 c4 24. bxc4 dxc4 25. Bxb7 Rxb7 26. Rd2 f4 27. exf4 Bxf4 {[#] Strongly threatening ...Qh6.} 28. Rdd1 Rb5 29. Rfe1 Qf7 30. g3 Bc7 31. Bd4 Ba5 32. Re3 Rf8 ({Black should play} 32... h5 $15) 33. Re4 c3 34. Rg4 $36 {[%mdl 2048] White has the initiative.} g5 {Hoping for ...c2.} 35. a4 Rd5 36. Be3 {Black must now prevent Rxd5.} h6 (36... Re5 $11 37. h4 {[#]} Rxe3 $1 {[%mdl 512]} 38. Rxg5+ {[%mdl 64] Double Attack} Kh8 39. fxe3 Qf2+ 40. Kh1 Qxe3) 37. Rxd5 $16 Qxd5 38. Qb1 {Qg6+ would kill now.} Qe6 39. Rc4 (39. Re4 $16 Qf7 40. Bc5) 39... Qxc4 {Accuracy: White = 74%, Black = 54%.} 1/2-1/2

[Event "Hunan Belt and Road Open 2019"]
[Site "Hunan"]
[Date "2019.08.01"]
[Round "4.19"]
[White "Lin, Yi"]
[Black "Ju, Wenjun"]
[Result "1/2-1/2"]
[WhiteElo "2406"]
[BlackElo "2595"]
[Annotator "ChessBase"]
[PlyCount "70"]
[EventDate "2019.07.29"]
[EventType "swiss"]
[EventCountry "CHN"]
[SourceTitle "playchess.com"]
[Source "ChessBase"]
[SourceQuality "1"]
[TimeControl "5400+30"]

1. d4 {[%emt 0:00:00]} Nf6 {[%emt 0:00:00]} 2. c4 {[%emt 0:00:00]} g6 {[%emt 0:00:00]} 3. Nc3 {[%emt 0:00:00]} d5 {[%emt 0:00:06]} 4. Bf4 {[%emt 0:01:51]} Bg7 {[%emt 0:00:21]} 5. e3 {[%emt 0:00:14]} c6 {[%emt 0:00:38]} 6. Nf3 {[%emt 0:06:00]} O-O {[%emt 0:00:06]} 7. cxd5 {[%emt 0:01:18]} cxd5 {[%emt 0:20:31]} 8. h3 {[%emt 0:00:22]} Qb6 {[%emt 0:01:09]} 9. a3 {[%emt 0:10:42]} Bf5 {[%emt 0:06:59]} 10. Na4 {[%emt 0:01:52]} Qd8 {[%emt 0:04:28]} 11. Be2 {[%emt 0:00:41]} Nbd7 {[%emt 0:02:08]} 12. O-O {[%emt 0:03:10]} Rc8 {[%emt 0:00:06]} 13. Qb3 {[%emt 0:16:37]} Bc2 {[%emt 0:09:34]} 14. Qb4 {[%emt 0:00:27]} Nb8 {[%emt 0:05:12]} 15. Rac1 {[%emt 0:15:21]} Nc6 {[%emt 0:01:24]} 16. Qb5 {[%emt 0:00:41]} Bxa4 {[%emt 0:11:09]} 17. Qxa4 {[%emt 0:00:06]} Qb6 {[%emt 0:00:40]} 18. b4 {[%emt 0:04:47]} a5 {[%emt 0:06:14]} 19. b5 {[%emt 0:02:00]} Na7 {[%emt 0:00:19]} 20. Nd2 {[%emt 0:01:38]} Rfe8 {[%emt 0:07:37]} 21. Nb3 {[%emt 0:04:41]} Ne4 {[%emt 0:00:04]} 22. Qxa5 {[%emt 0:00:08]} Qxa5 {[%emt 0:00:03]} 23. Nxa5 {[%emt 0:00:04]} Nc3 {[%emt 0:00:06]} 24. Bg4 {[%emt 0:01:51]} f5 {[%emt 0:01:07]} 25. Bf3 {[%emt 0:00:33]} b6 {[%emt 0:02:31]} 26. Nc6 {[%emt 0:03:39]} Naxb5 {[%emt 0:00:03]} 27. a4 {[%emt 0:00:13]} Nxd4 {[%emt 0:01:41]} 28. Nxd4 {[%emt 0:10:55]} e5 {[%emt 0:01:49]} 29. Nb5 {[%emt 0:01:52]} Nxb5 {[%emt 0:00:24]} 30. Bxd5+ {[%emt 0:01:32]} Kf8 {[%emt 0:01:08]} 31. Bxe5 {[%emt 0:00:55]} Bxe5 {[%emt 0:00:06]} 32. axb5 {[%emt 0:00:05]} Rxc1 {[%emt 0:06:05]} 33. Rxc1 {[%emt 0:00:05]} Rd8 {[%emt 0:00:01]} 34. Bf3 {[%emt 0:03:23]} f4 {[%emt 0:00:00]} 35. exf4 {[%emt 0:02:54]} Bxf4 {[%emt 0:00:15]} 1/2-1/2

[Event "Hunan Belt and Road Open 2019"]
[Site "Hunan"]
[Date "2019.08.01"]
[Round "4.20"]
[White "Wen, Yang"]
[Black "Khademalsharieh, Sarasadat"]
[Result "1/2-1/2"]
[WhiteElo "2586"]
[BlackElo "2481"]
[Annotator "TA"]
[PlyCount "71"]
[EventDate "2019.07.29"]
[EventType "swiss"]
[EventCountry "CHN"]
[SourceTitle "playchess.com"]
[Source "ChessBase"]
[SourceQuality "1"]

{[%evp 17,71,0,0,0,0,-3,8,0,14,17,20,0,0,0,0,0,17,24,28,35,39,37,46,41,39,35,51,50,40,36,66,43,42,36,36,39,43,43,43,41,47,40,56,0,0,0,0,0,0,0,0,0,0,0,0,0]} 1. e4 e5 2. Nf3 Nc6 3. Bc4 Bc5 4. c3 Nf6 5. d4 exd4 6. e5 d5 7. Bb5 Ne4 8. cxd4 Bb6 9. Nc3 O-O 10. Be3 {C54: Giuoco Piano: 4 c3 Nf6, main lines with 5 d4 and 5 d3} Bg4 11. h3 Bh5 12. Qc2 Bg6 {[#] aiming for ...Nxc3.} 13. Qb3 Ne7 14. O-O c6 {Hoping for ...Nxc3.} 15. Bd3 Nxc3 16. Qxc3 Bxd3 17. Qxd3 Qd7 {[#]} 18. Nh4 $146 f6 19. f4 $1 fxe5 20. fxe5 Qe6 21. b4 a6 22. a4 {[%cal Ba2a4,Ba4a5][%mdl 32]} Rf7 23. a5 Ba7 24. Rxf7 Qxf7 25. g4 Rf8 26. Ra2 Qe6 27. Rf2 Rxf2 28. Kxf2 Bb8 29. Nf5 Bc7 30. h4 (30. Bg5 $14 Nxf5 31. gxf5 (31. Qxf5 Qe8 $14)) 30... Nxf5 $11 {The position is equal.} 31. Qxf5 Qe8 $1 32. h5 g6 33. hxg6 hxg6 34. Qg5 Bd8 35. Qh6 Qf8+ 36. Qxf8+ $1 {Accuracy: White = 67%, Black = 75%.} 1/2-1/2

[Event "Hunan Belt and Road Open 2019"]
[Site "Hunan"]
[Date "2019.08.01"]
[Round "4.21"]
[White "Gusain, Himal"]
[Black "Xu, Xiangyu"]
[Result "1/2-1/2"]
[WhiteElo "2407"]
[BlackElo "2585"]
[Annotator "TA"]
[PlyCount "96"]
[EventDate "2019.07.29"]
[EventType "swiss"]
[EventCountry "CHN"]
[SourceTitle "playchess.com"]
[Source "ChessBase"]
[SourceQuality "1"]

{[%evp 9,96,0,0,0,0,0,0,0,33,32,31,35,41,29,17,21,39,32,37,41,32,30,35,36,62,41,128,140,137,128,127,138,299,298,300,301,306,305,293,292,302,246,254,232,233,215,216,208,206,206,262,233,239,201,201,201,199,185,189,177,187,149,149,150,151,151,143,137,151,147,156,148,137,132,130,132,134,131,134,113,123,90,90,84,60,46,45,8,8]} 1. e4 c6 2. d4 d5 3. e5 c5 4. dxc5 e6 5. a3 Bxc5 6. b4 {B12: Caro-Kann: Advance Variation} Bb6 7. Nf3 Ne7 8. Bd3 Nbc6 9. Bb2 $146 ({Predecessor:} 9. O-O Ng6 {½-½ (39) Karjakin,S (2753)-Adhiban,B (2683) Astana 2019}) 9... Ng6 10. O-O O-O 11. Re1 f6 12. exf6 gxf6 13. c4 dxc4 14. Bxc4 Qxd1 15. Rxd1 Kg7 16. Nc3 $36 {[%mdl 2048] White has the initiative.} Rd8 17. Na4 Bd7 ({Black should try} 17... Bc7 $14) 18. Nxb6 $16 axb6 {[#]} 19. Ng5 $1 {Black must now prevent Rxd7+!} Nf8 20. f4 e5 $2 (20... h6 $16) 21. Nf7 $18 Re8 22. fxe5 Nxe5 23. Nxe5 fxe5 24. Rd5 Rac8 25. Rxe5 Rxe5 26. Bxe5+ Kh6 27. Bd5 Bc6 28. Rc1 Ng6 29. Bd4 b5 30. Rc3 Rd8 31. Be3+ Kg7 32. Bxc6 bxc6 33. Rxc6 {[%mdl 4096] Endgame KRB-KRN} Ne5 34. Rc7+ Kg6 {White should prevent ...Ng4.} 35. h3 Nc4 36. Bc5 Nxa3 37. Rb7 Rd3 38. Kf2 h5 39. Rb8 Kg7 40. Rb6 Kh7 41. Kg1 Kg7 42. Kh2 Kh7 43. Bf8 Kg8 44. Bh6 Rd5 45. Kg3 Nc2 46. Rb8+ Kf7 47. Kh4 Nxb4 48. g4 hxg4 {Accuracy: White = 82%, Black = 58%.} 1/2-1/2

[Event "Hunan Belt and Road Open 2019"]
[Site "Hunan"]
[Date "2019.08.01"]
[Round "4.22"]
[White "Xu, Yinglun"]
[Black "Li, Yankai"]
[Result "1-0"]
[WhiteElo "2562"]
[BlackElo "2439"]
[Annotator "TA"]
[PlyCount "66"]
[EventDate "2019.07.29"]
[EventType "swiss"]
[EventCountry "CHN"]
[SourceTitle "playchess.com"]
[Source "ChessBase"]
[SourceQuality "1"]

{[%evp 21,66,0,0,7,0,-7,-7,0,0,-12,-9,-21,0,0,49,22,52,50,40,49,52,28,38,27,96,88,95,99,108,94,94,100,103,92,122,117,167,161,300,305,364,349,446,405,920,868,29989]} 1. d4 Nf6 2. c4 e6 3. Nf3 d5 4. Nc3 Be7 5. Bg5 h6 6. Bxf6 Bxf6 7. e3 O-O 8. Rc1 c6 9. Bd3 Nd7 10. O-O dxc4 11. Bxc4 e5 12. d5 {D55: Queen's Gambit Declined: 4 Bg5 Be7: Lines without ...h6 and 6...h6 7 Bxf6} (12. Bb3 exd4 13. exd4 Re8 14. h3 Nb6 15. Re1 Bf5 16. g4 Bg6 17. Rxe8+ Qxe8 18. Qd2 Qd7 19. Qf4 Re8 20. Rd1 Qc8 21. Ne5 Bxe5 22. dxe5 Rd8 23. Rd4 Qc7 {1-0 (43) Radjabov,T (2751)-Sargissian,G (2691) Batumi 2018}) 12... Nb6 13. b3 Bf5 14. dxc6 {The position is equal.} bxc6 {[#]} 15. Ba6 $146 ({Predecessor:} 15. e4 Bg6 16. Qe2 Bh5 17. Ba6 Qe7 18. h3 Rfd8 19. g4 Bg6 {1-0 (41) Martirosyan,H (2607)-Oparin,G (2613) chess.com INT 2019}) 15... Qe7 16. Qe2 Rfd8 17. e4 Be6 18. Rc2 Rd6 19. h3 Rad8 20. Nd1 g6 21. Ne3 Bg7 22. Rfc1 Qd7 (22... Bd7 $11 {keeps the balance.}) 23. Rc5 $16 f6 24. Qc2 h5 25. Rxc6 Rxc6 26. Qxc6 Bh6 27. Qc3 Bf4 28. a4 {[%cal Ba2a4,Ba4a5][%mdl 32]} Qf7 29. a5 Nd7 (29... Nc8 {was worth a try.} 30. Bxc8 Bxc8 31. Qxc8 Rxc8 32. Rxc8+ Kg7) 30. Rd1 $18 Bxe3 31. Qxe3 Bxb3 32. Rd6 Bc4 {[#]} (32... Kg7 $142 33. Qxa7 Ba4) 33. Nxe5 $1 {[%mdl 576] Double Attack, Pin} Bf1 {Accuracy: White = 66%, Black = 18%.} (33... Nxe5 34. Rxd8+) 1-0